Termodinámica
Sparad:
| Huvudupphovsman: | |
|---|---|
| Materialtyp: | Bok |
| Språk: | spanska |
| Publicerad: |
Buenos Aires
EUDEBA
1970
|
| Upplaga: | 2a. ed |
| Serie: | Manuales de EUDEBA. Física
|
| Ämnen: | |
| Taggar: |
Lägg till en tagg
Inga taggar, Lägg till första taggen!
|
MARC
| LEADER | 00000nam a2200000 a 4500 | ||
|---|---|---|---|
| 001 | UCU3663 | ||
| 003 | CL-VaPUC | ||
| 008 | 960510e19700000AG |||||||||||||||||spa|d | ||
| 082 | 0 | 4 | |a 536.7 |b FER |2 21 |
| 100 | 0 | |a Fermi, Enrico |e author |9 348381 | |
| 245 | 1 | 0 | |a Termodinámica |
| 250 | |a 2a. ed | ||
| 300 | |a 150 p | ||
| 942 | |c BK | ||
| 945 | |d 19960510 00:00:00 |a paguirre | ||
| 260 | |a Buenos Aires |b EUDEBA |c 1970 | ||
| 650 | 0 | |a Termodinámica |9 259320 | |
| 650 | 0 | |a Entropía |9 262675 | |
| 650 | 0 | |a Gases |9 260945 | |
| 650 | 0 | |a Energía |9 259431 | |
| 650 | 7 | |a EQUILIBRIOS QUIMICOS |2 CL-VaPUC |9 336637 | |
| 583 | |a last modification |c 19960510 00:00:00 |k Rodrigo Vera | ||
| 490 | 0 | |a Manuales de EUDEBA. Física | |
| 999 | |c 247594 |d 247592 | ||